New international Webster's student dictionary of the English language (Record no. 1987)

MARC details
000 -LEADER
fixed length control field 00330nam a2200121Ia 4500
020 ## - INTERNATIONAL STANDARD BOOK NUMBER
ISBN 1-888777-01-X
082 ## - DEWEY DECIMAL CLASSIFICATION NUMBER
Classification number RR 423 NEW
245 #0 - TITLE STATEMENT
Title New international Webster's student dictionary of the English language
260 ## - PUBLICATION, DISTRIBUTION, ETC. (IMPRINT)
Place of publication U.S.A.
Name of publisher Trident Press International
Year of publication 1996
300 ## - PHYSICAL DESCRIPTION
Number of Pages 863p.
700 ## - ADDED ENTRY--PERSONAL NAME
Personal name Landau, Sidney I.
942 ## - ADDED ENTRY ELEMENTS (KOHA)
Koha item type Books
Holdings
Withdrawn status Lost status Damaged status Not for loan Home library Current library Date acquired Bill Date Full call number Accession Number Price effective from Koha item type
        NASSDOC Library NASSDOC Library 08/10/2004 2008-12-30 RR 423 NEW 35825 18/04/2019 Books